| 000 | 00543nam a22001937a 4500 | ||
|---|---|---|---|
| 999 |
_c525321 _d525321 |
||
| 003 | NUST | ||
| 005 | 20190701055222.0 | ||
| 008 | 190701b ||||| |||| 00| 0 eng d | ||
| 038 | _aFaiza | ||
| 082 |
_a891.421 _bNAJ |
||
| 100 |
_aNajmi, Muhammad Iqbal _914856 |
||
| 245 |
_aSamy da Bahar / _cMuhammad Iqbal Najmi |
||
| 260 |
_aGugranwala; _bForogh Adab Akadmi, _c1998. |
||
| 300 | _a80p. ; | ||
| 500 | _aPaper Cover | ||
| 880 |
_6100-01\r _aمحمد اقبال نجمی |
||
| 880 |
_6245-02\r _a /سمَے دا بھار |
||
| 942 |
_2ddc _cBK |
||